<?xml version="1.0" encoding="UTF-8"?>
<record
    xmlns:xsi="http://www.w3.org/2001/XMLSchema-instance"
    xsi:schemaLocation="http://www.loc.gov/MARC21/slim http://www.loc.gov/standards/marcxml/schema/MARC21slim.xsd"
    xmlns="http://www.loc.gov/MARC21/slim">

  <leader>01746nam a22002177a 4500</leader>
  <controlfield tag="003">IT-MiCISF</controlfield>
  <controlfield tag="005">20250328120621.0</controlfield>
  <controlfield tag="008">170908b        xxu||||| |||| 00| 0 eng d</controlfield>
  <datafield tag="020" ind1=" " ind2=" ">
    <subfield code="a">9788806258283</subfield>
  </datafield>
  <datafield tag="040" ind1=" " ind2=" ">
    <subfield code="c">IT-MiCISF</subfield>
  </datafield>
  <datafield tag="041" ind1=" " ind2=" ">
    <subfield code="a">it</subfield>
  </datafield>
  <datafield tag="100" ind1=" " ind2=" ">
    <subfield code="a">Granata Elena</subfield>
    <subfield code="9">56561</subfield>
  </datafield>
  <datafield tag="245" ind1=" " ind2=" ">
    <subfield code="a">Il senso delle donne per la citt&#xE0;.</subfield>
    <subfield code="b">Curiosit&#xE0;, ingegno, apertura</subfield>
  </datafield>
  <datafield tag="260" ind1=" " ind2=" ">
    <subfield code="a">Torino,</subfield>
    <subfield code="b">Einaudi,</subfield>
    <subfield code="c">2023</subfield>
  </datafield>
  <datafield tag="300" ind1=" " ind2=" ">
    <subfield code="a">pp. 186</subfield>
  </datafield>
  <datafield tag="500" ind1=" " ind2=" ">
    <subfield code="a">societ&#xE0;, cambiamento, famiglia-urbana, donna, abitazione, ideali, valori, esperienze, lavoro, salute, consumi</subfield>
  </datafield>
  <datafield tag="520" ind1=" " ind2=" ">
    <subfield code="a">Non potendo costruire hanno scritto. Di case, di citt&#xE0;, di quartieri in trasformazione. Tenute lontane dall&#x2019;architettura si sono dedicate alla fotografia, trovando mille modi per raccontare le persone e gli spazi della citt&#xE0;. Escluse dalla pianificazione urbanistica si sono dedicate alla scala minuta, granulare, del design dell&#x2019;abitare e della vita quotidiana, progettando spazi di prossimit&#xE0; e di benessere. Sono state pi&#xF9; giardiniere che progettiste, pi&#xF9; pedagogiste che ingegnere. Quando hanno potuto hanno generato pensiero e visioni lungimiranti, presto dimenticate; hanno osservato da vicino le citt&#xE0; &#x2013; nelle loro pratiche quotidiane &#x2013; con il distacco che solo chi &#xE8; escluso dai giochi pu&#xF2; avere. Le donne, in forme varie e sempre eclettiche, hanno maturato un pensiero pratico sulla citt&#xE0; che oggi non possiamo trascurare e di cui peraltro loro stesse non sono ancora pienamente consapevoli. Oggi che dobbiamo ripensare la relazione tra spazi e vita, tra tempi quotidiani e aspettative di benessere, tra natura e citt&#xE0;, la prospettiva da cui guardano il mondo appare cruciale.</subfield>
  </datafield>
  <datafield tag="650" ind1=" " ind2=" ">
    <subfield code="a">Societ&#xE0;</subfield>
    <subfield code="9">56044</subfield>
  </datafield>
  <datafield tag="654" ind1=" " ind2=" ">
    <subfield code="a">saggio</subfield>
  </datafield>
  <datafield tag="942" ind1=" " ind2=" ">
    <subfield code="2">ddc</subfield>
    <subfield code="c">BK</subfield>
  </datafield>
  <datafield tag="999" ind1=" " ind2=" ">
    <subfield code="c">336760</subfield>
    <subfield code="d">336760</subfield>
  </datafield>
  <datafield tag="952" ind1=" " ind2=" ">
    <subfield code="0">0</subfield>
    <subfield code="1">0</subfield>
    <subfield code="2">ddc</subfield>
    <subfield code="4">0</subfield>
    <subfield code="6">B_7870_000000000000000</subfield>
    <subfield code="7">1</subfield>
    <subfield code="a">CISF</subfield>
    <subfield code="b">CISF</subfield>
    <subfield code="d">2025-03-28</subfield>
    <subfield code="l">0</subfield>
    <subfield code="o">B7870</subfield>
    <subfield code="r">2025-03-28 12:06:57</subfield>
    <subfield code="w">2025-03-28</subfield>
    <subfield code="y">BK</subfield>
  </datafield>
</record>
